| 000 | 00554nam a2200205 a 4500 | ||
|---|---|---|---|
| 001 | 000003782 | ||
| 003 | DO-SdBNP | ||
| 005 | 20220721110838.0 | ||
| 007 | ta | ||
| 008 | 870220s1986 maua 001 0 eng | ||
| 020 | _a8471752352 | ||
| 040 |
_aDO-SdBNP _bspa _cBNPHU |
||
| 082 | 4 |
_a155.937 _bG875v _222 |
|
| 100 | 1 |
_aGrollman, Earl A. _911502 |
|
| 245 | 1 | 0 |
_aVivir cuando un ser querido ha muerto / _cEarl A. Grollman. |
| 260 |
_aBarcelona : _bEdiciones 29, _c1986. |
||
| 300 |
_a125 p. : _bil. ; _c22 cm. |
||
| 650 | 4 |
_aMuerte _911503 |
|
| 942 |
_2ddc _cLBS1 |
||
| 999 |
_c3604 _d3604 |
||